000 00573cam a22002053a 4500
001 44918
003 PGUSA
005 20140828084027.0
008 140215s2014||||xxu|||||s|||||000 | eng d
040 _aPGUSA
_beng
042 _adc
100 1 _aPiñeyro, Enrique
245 1 0 _aHombres y glorias de América
_h[electronic resource] /
_cEnrique Piñeyro
260 _bProject Gutenberg,
_c2014
506 _aPublic domain in the USA.
516 _aElectronic text
830 0 _aProject Gutenberg
_v44918
856 4 0 _uhttp://www.gutenberg.org/ebooks/44918
942 _cEB
999 _c274169
_d274169